000 01166nam a2200265Ia 4500
003 OSt
005 20221005133634.0
006 a|||||r|||| 00| 0
007 ta
008 221004b |||||||| |||| 00| 0 hin d
024 _a10338
037 _cTextual
040 _aCRL
_cCRL
_bhin
041 _2hin
_ahin
100 _aशर्मा, अश्वनी, ले.
110 _aदिल्ली विश्वविद्यालय. संगीत एवं ललित कला संकाय. संगीत विभाग
245 0 _aविभिन्न वाद्यों द्वारा संगीत में रस उत्पत्ति एक अध्ययन
246 _aVibhinna vādyoan dvārā sangīt mean ras utpatti ek adhyayana
260 _c2012
300 _a200पृ0
_ccm.
650 _aभारतीय संगीत
700 _aदिल्ली विश्वविद्यालय. संगीत एवं ललित कला संकाय. संगीत विभाग
942 _cTEXL
_2cc
999 _c1067404
_d1067404